[Event "April 9 Early 2024"]
[Site "Chess.com"]
[Date "2024.04.09"]
[Round "2"]
[White "Tigran Mukhutdinov"]
[Black "Semenenko, Dmytry"]
[Result "1-0"]
[Board "183"]
[WhiteFideId "34108570"]
[BlackFideId "14118645"]
[WhiteTitle "FM"]
[WhiteElo "2703"]
[BlackElo "2389"]
[WhiteTeam "RUS"]
[BlackTeam "UKR"]
[WhiteClock "0:02:09"]
[BlackClock "0:00:35"]
[Variant "Standard"]

1. b3 {[%clk 0:03:00]}  Nf6 {[%clk 0:02:59]} 2. Bb2 {[%clk 0:03:00]}  c5 {[%clk 0:02:59]} 3. Nf3 {[%clk 0:02:58]}  d5 {[%clk 0:02:59]} 4. g3 {[%clk 0:02:58]}  Nc6 {[%clk 0:02:59]} 5. Bg2 {[%clk 0:02:57]}  g6 {[%clk 0:02:59]} 6. d4 {[%clk 0:02:55]}  cxd4 {[%clk 0:02:57]} 7. Nxd4 {[%clk 0:02:55]}  Bg7 {[%clk 0:02:56]} 8. O-O {[%clk 0:02:55]}  O-O {[%clk 0:02:55]} 9. c4 {[%clk 0:02:53]}  dxc4 {[%clk 0:02:52]} 10. Nxc6 {[%clk 0:02:45]}  bxc6 {[%clk 0:02:51]} 11. bxc4 {[%clk 0:02:45]}  Qb6 {[%clk 0:02:35]} 12. Qc1 {[%clk 0:02:45]}  Rb8 {[%clk 0:02:30]} 13. Be5 {[%clk 0:02:44]}  Rb7 {[%clk 0:02:29]} 14. Nd2 {[%clk 0:02:42]}  Bf5 {[%clk 0:02:24]} 15. Nb3 {[%clk 0:02:38]}  Ne4 {[%clk 0:02:17]} 16. Bxg7 {[%clk 0:02:37]}  Kxg7 {[%clk 0:02:18]} 17. g4 {[%clk 0:02:29]}  Nxf2 {[%clk 0:02:05]} 18. Rxf2 {[%clk 0:02:28]}  Bxg4 {[%clk 0:02:05]} 19. Qc3+ {[%clk 0:02:28]}  f6 {[%clk 0:02:05]} 20. e3 {[%clk 0:02:28]}  Rd8 {[%clk 0:02:03]} 21. h3 {[%clk 0:02:27]}  Bf5 {[%clk 0:02:02]} 22. Re1 {[%clk 0:02:17]}  Rd3 {[%clk 0:01:58]} 23. Qc1 {[%clk 0:02:17]}  a5 {[%clk 0:01:48]} 24. Nd4 {[%clk 0:02:17]}  Bd7 {[%clk 0:01:22]} 25. Bf1 {[%clk 0:02:17]}  Rxd4 {[%clk 0:01:18]} 26. exd4 {[%clk 0:02:17]}  Qxd4 {[%clk 0:01:19]} 27. Rxe7+ {[%clk 0:02:17]}  Kf8 {[%clk 0:01:18]} 28. Qe3 {[%clk 0:02:16]}  Qd6 {[%clk 0:01:11]} 29. Rxh7 {[%clk 0:02:13]}  Rb1 {[%clk 0:00:35]} 30. Rd2 {[%clk 0:02:09]} 1-0

[Event "April 9 Early 2024"]
[Site "Chess.com"]
[Date "2024.04.09"]
[Round "2"]
[White "Kuziev, Miraziz"]
[Black "Kaminski, Victor"]
[Result "1-0"]
[Board "184"]
[WhiteFideId "14215772"]
[BlackFideId "1131630"]
[WhiteTitle "CM"]
[WhiteElo "2700"]
[BlackElo "2387"]
[WhiteTeam "UZB"]
[BlackTeam "CAN"]
[WhiteClock "0:01:47"]
[BlackClock "0:00:00"]
[Variant "Standard"]

1. d4 {[%clk 0:03:00]}  d5 {[%clk 0:02:53]} 2. c4 {[%clk 0:02:59]}  e6 {[%clk 0:02:52]} 3. Nc3 {[%clk 0:02:59]}  c5 {[%clk 0:02:51]} 4. cxd5 {[%clk 0:02:58]}  exd5 {[%clk 0:02:52]} 5. Nf3 {[%clk 0:02:58]}  Nc6 {[%clk 0:02:52]} 6. g3 {[%clk 0:02:58]}  Nf6 {[%clk 0:02:51]} 7. Bg2 {[%clk 0:02:58]}  cxd4 {[%clk 0:02:51]} 8. Nxd4 {[%clk 0:02:59]}  Bc5 {[%clk 0:02:51]} 9. Nb3 {[%clk 0:02:59]}  Bb6 {[%clk 0:02:51]} 10. O-O {[%clk 0:03:00]}  d4 {[%clk 0:02:49]} 11. Na4 {[%clk 0:03:01]}  O-O {[%clk 0:02:50]} 12. Bg5 {[%clk 0:03:01]}  h6 {[%clk 0:02:48]} 13. Bxf6 {[%clk 0:02:50]}  Qxf6 {[%clk 0:02:49]} 14. Nxb6 {[%clk 0:02:50]}  axb6 {[%clk 0:02:43]} 15. Bxc6 {[%clk 0:02:50]}  bxc6 {[%clk 0:02:43]} 16. Qxd4 {[%clk 0:02:50]}  Qxd4 {[%clk 0:02:40]} 17. Nxd4 {[%clk 0:02:51]}  c5 {[%clk 0:02:20]} 18. Nb5 {[%clk 0:02:52]}  Bd7 {[%clk 0:02:14]} 19. Nc3 {[%clk 0:02:49]}  Bc6 {[%clk 0:02:10]} 20. a4 {[%clk 0:02:45]}  Rfd8 {[%clk 0:02:04]} 21. Rfd1 {[%clk 0:02:44]}  Rxd1+ {[%clk 0:02:00]} 22. Rxd1 {[%clk 0:02:44]}  Bxa4 {[%clk 0:01:59]} 23. Ra1 {[%clk 0:02:34]}  Bc6 {[%clk 0:01:58]} 24. Rxa8+ {[%clk 0:02:35]}  Bxa8 {[%clk 0:01:59]} 25. Na4 {[%clk 0:02:36]}  Kf8 {[%clk 0:01:36]} 26. Nxb6 {[%clk 0:02:34]}  Bc6 {[%clk 0:01:36]} 27. f3 {[%clk 0:02:31]}  Ke7 {[%clk 0:01:34]} 28. Kf2 {[%clk 0:02:30]}  Kd6 {[%clk 0:01:25]} 29. e4 {[%clk 0:02:29]}  Bb5 {[%clk 0:01:23]} 30. Ke3 {[%clk 0:02:27]}  f6 {[%clk 0:01:18]} 31. h4 {[%clk 0:02:26]}  h5 {[%clk 0:01:11]} 32. Nd5 {[%clk 0:02:22]}  Bc6 {[%clk 0:01:11]} 33. Nf4 {[%clk 0:02:22]}  Be8 {[%clk 0:01:10]} 34. g4 {[%clk 0:02:20]}  hxg4 {[%clk 0:00:48]} 35. fxg4 {[%clk 0:02:16]}  g5 {[%clk 0:00:48]} 36. hxg5 {[%clk 0:02:14]}  fxg5 {[%clk 0:00:49]} 37. Nh3 {[%clk 0:02:14]}  Bd7 {[%clk 0:00:47]} 38. Kf3 {[%clk 0:02:14]}  Ke5 {[%clk 0:00:39]} 39. Nxg5 {[%clk 0:02:12]}  Bc6 {[%clk 0:00:39]} 40. Nf7+ {[%clk 0:02:13]}  Kd4 {[%clk 0:00:38]} 41. Ng5 {[%clk 0:02:11]}  Kd3 {[%clk 0:00:32]} 42. Kf4 {[%clk 0:02:09]}  Kc2 {[%clk 0:00:30]} 43. e5 {[%clk 0:02:07]}  Kxb2 {[%clk 0:00:28]} 44. Ne6 {[%clk 0:01:52]}  c4 {[%clk 0:00:26]} 45. Nd4 {[%clk 0:01:53]}  Bd5 {[%clk 0:00:18]} 46. e6 {[%clk 0:01:51]}  c3 {[%clk 0:00:15]} 47. e7 {[%clk 0:01:50]}  Bf7 {[%clk 0:00:15]} 48. g5 {[%clk 0:01:48]}  Bg6 {[%clk 0:00:09]} 49. Ke5 {[%clk 0:01:48]}  Ka3 {[%clk 0:00:04]} 50. Kf6 {[%clk 0:01:47]}  Be8 {[%clk 0:00:00]} 51. g6 {[%clk 0:01:47]} 1-0

[Event "April 9 Early 2024"]
[Site "Chess.com"]
[Date "2024.04.09"]
[Round "2"]
[White "Javakhadze, Zurab"]
[Black "Slade, Theodore"]
[Result "1-0"]
[Board "185"]
[WhiteFideId "13603647"]
[BlackFideId "426547"]
[WhiteTitle "IM"]
[WhiteElo "2695"]
[BlackElo "2386"]
[WhiteTeam "GEO"]
[BlackTeam "ENG"]
[WhiteClock "0:00:10"]
[BlackClock "0:00:04"]
[Variant "Standard"]

1. e4 {[%clk 0:03:00]}  e5 {[%clk 0:03:00]} 2. Nf3 {[%clk 0:02:54]}  Nc6 {[%clk 0:03:00]} 3. Bc4 {[%clk 0:02:53]}  Bc5 {[%clk 0:03:00]} 4. O-O {[%clk 0:02:51]}  Nf6 {[%clk 0:03:00]} 5. d3 {[%clk 0:02:51]}  O-O {[%clk 0:03:00]} 6. c3 {[%clk 0:02:50]}  d6 {[%clk 0:03:01]} 7. h3 {[%clk 0:02:50]}  Bb6 {[%clk 0:02:56]} 8. Bb3 {[%clk 0:02:50]}  Ne7 {[%clk 0:02:55]} 9. Re1 {[%clk 0:02:46]}  Ng6 {[%clk 0:02:54]} 10. d4 {[%clk 0:02:45]}  exd4 {[%clk 0:02:39]} 11. cxd4 {[%clk 0:02:43]}  d5 {[%clk 0:02:40]} 12. e5 {[%clk 0:02:41]}  Nh5 {[%clk 0:02:34]} 13. Nc3 {[%clk 0:02:32]}  Nhf4 {[%clk 0:02:28]} 14. Be3 {[%clk 0:02:25]}  f6 {[%clk 0:02:26]} 15. Qd2 {[%clk 0:02:03]}  fxe5 {[%clk 0:02:15]} 16. dxe5 {[%clk 0:02:03]}  Bxe3 {[%clk 0:02:08]} 17. fxe3 {[%clk 0:02:00]}  Ne6 {[%clk 0:01:40]} 18. Qxd5 {[%clk 0:01:58]}  Qxd5 {[%clk 0:01:37]} 19. Nxd5 {[%clk 0:01:56]}  Rf7 {[%clk 0:01:29]} 20. Rad1 {[%clk 0:01:26]}  Kf8 {[%clk 0:00:49]} 21. Rf1 {[%clk 0:00:55]}  Ke8 {[%clk 0:00:37]} 22. Nd4 {[%clk 0:00:50]}  Rxf1+ {[%clk 0:00:36]} 23. Rxf1 {[%clk 0:00:49]}  Ngf8 {[%clk 0:00:27]} 24. Nb5 {[%clk 0:00:41]}  c6 {[%clk 0:00:17]} 25. Ndc7+ {[%clk 0:00:20]}  Kd8 {[%clk 0:00:17]} 26. Bxe6 {[%clk 0:00:15]}  Nxe6 {[%clk 0:00:14]} 27. Nxe6+ {[%clk 0:00:14]}  Bxe6 {[%clk 0:00:14]} 28. Rf8+ {[%clk 0:00:14]}  Kd7 {[%clk 0:00:11]} 29. Rxa8 {[%clk 0:00:14]}  cxb5 {[%clk 0:00:12]} 30. Rxa7 {[%clk 0:00:14]}  Kc6 {[%clk 0:00:12]} 31. Kf2 {[%clk 0:00:12]}  Bc8 {[%clk 0:00:10]} 32. Ra8 {[%clk 0:00:11]}  Kc7 {[%clk 0:00:09]} 33. a3 {[%clk 0:00:10]}  b6 {[%clk 0:00:08]} 34. Ra7+ {[%clk 0:00:09]}  Bb7 {[%clk 0:00:08]} 35. e6 {[%clk 0:00:10]}  Kb8 {[%clk 0:00:05]} 36. Rxb7+ {[%clk 0:00:10]}  Kxb7 {[%clk 0:00:04]} 37. e7 {[%clk 0:00:10]} 1-0

[Event "April 9 Early 2024"]
[Site "Chess.com"]
[Date "2024.04.09"]
[Round "2"]
[White "Carrasco Miranda, Andres"]
[Black "Nasir, Zehn"]
[Result "0-1"]
[Board "187"]
[WhiteFideId "3405990"]
[BlackFideId "2613239"]
[WhiteTitle "CM"]
[WhiteElo "2372"]
[BlackElo "2652"]
[WhiteTeam "CHI"]
[BlackTeam "CAN"]
[WhiteClock "0:00:00"]
[BlackClock "0:00:26"]
[Variant "Standard"]

1. c4 {[%clk 0:02:29]}  c6 {[%clk 0:02:59]} 2. Nf3 {[%clk 0:02:29]}  d5 {[%clk 0:02:59]} 3. d4 {[%clk 0:02:29]}  Nf6 {[%clk 0:02:59]} 4. Nc3 {[%clk 0:02:27]}  e6 {[%clk 0:02:59]} 5. g3 {[%clk 0:02:25]}  Nbd7 {[%clk 0:03:00]} 6. Bg2 {[%clk 0:02:26]}  Be7 {[%clk 0:03:00]} 7. O-O {[%clk 0:02:26]}  O-O {[%clk 0:03:01]} 8. Qd3 {[%clk 0:02:26]}  b6 {[%clk 0:02:59]} 9. e4 {[%clk 0:02:26]}  Ba6 {[%clk 0:02:59]} 10. b3 {[%clk 0:02:26]}  dxe4 {[%clk 0:02:57]} 11. Nxe4 {[%clk 0:02:26]}  Rc8 {[%clk 0:02:56]} 12. Bf4 {[%clk 0:02:25]}  c5 {[%clk 0:02:55]} 13. Nd6 {[%clk 0:02:24]}  Rc6 {[%clk 0:02:37]} 14. Nb5 {[%clk 0:02:17]}  Bxb5 {[%clk 0:02:27]} 15. cxb5 {[%clk 0:02:17]}  Rc8 {[%clk 0:02:27]} 16. Rad1 {[%clk 0:02:13]}  Nd5 {[%clk 0:02:27]} 17. Bd2 {[%clk 0:02:05]}  Bf6 {[%clk 0:02:27]} 18. h4 {[%clk 0:02:02]}  Qe7 {[%clk 0:02:23]} 19. Ng5 {[%clk 0:02:02]}  g6 {[%clk 0:02:21]} 20. Rfe1 {[%clk 0:02:01]}  Rfd8 {[%clk 0:02:21]} 21. Bxd5 {[%clk 0:02:01]}  Qd6 {[%clk 0:02:06]} 22. Bc4 {[%clk 0:01:52]}  Bxd4 {[%clk 0:02:02]} 23. Bf4 {[%clk 0:01:50]}  Qf8 {[%clk 0:01:42]} 24. Kg2 {[%clk 0:01:06]}  Nf6 {[%clk 0:01:39]} 25. Qf3 {[%clk 0:01:00]}  h6 {[%clk 0:01:36]} 26. Ne4 {[%clk 0:00:57]}  Nh5 {[%clk 0:01:31]} 27. g4 {[%clk 0:00:52]}  Nxf4+ {[%clk 0:01:27]} 28. Qxf4 {[%clk 0:00:53]}  Qg7 {[%clk 0:01:25]} 29. Rd3 {[%clk 0:00:28]}  Be5 {[%clk 0:01:21]} 30. Qf3 {[%clk 0:00:23]}  Rd4 {[%clk 0:01:18]} 31. Rxd4 {[%clk 0:00:18]}  cxd4 {[%clk 0:01:18]} 32. Nd2 {[%clk 0:00:12]}  Rd8 {[%clk 0:01:14]} 33. Qe4 {[%clk 0:00:11]}  Bd6 {[%clk 0:01:08]} 34. Kh3 {[%clk 0:00:10]}  Qf6 {[%clk 0:01:06]} 35. Re2 {[%clk 0:00:08]}  Be7 {[%clk 0:01:05]} 36. Nf3 {[%clk 0:00:07]}  Rd7 {[%clk 0:00:56]} 37. g5 {[%clk 0:00:07]}  Qg7 {[%clk 0:00:52]} 38. Ne5 {[%clk 0:00:06]}  Rd8 {[%clk 0:00:51]} 39. Ng4 {[%clk 0:00:06]}  hxg5 {[%clk 0:00:51]} 40. hxg5 {[%clk 0:00:07]}  Bxg5 {[%clk 0:00:50]} 41. Bxe6 {[%clk 0:00:06]}  fxe6 {[%clk 0:00:38]} 42. Qxe6+ {[%clk 0:00:07]}  Qf7 {[%clk 0:00:39]} 43. Qe4 {[%clk 0:00:06]}  d3 {[%clk 0:00:36]} 44. Re1 {[%clk 0:00:06]}  d2 {[%clk 0:00:35]} 45. Rd1 {[%clk 0:00:06]}  Qf5 {[%clk 0:00:28]} 46. Qc4+ {[%clk 0:00:00]}  Kg7 {[%clk 0:00:26]} 0-1

[Event "April 9 Early 2024"]
[Site "Chess.com"]
[Date "2024.04.09"]
[Round "2"]
[White "Porozhnyak, Maya"]
[Black "Navarrete Mendez, Gonzalo Alberto"]
[Result "1/2-1/2"]
[Board "189"]
[WhiteFideId "34115843"]
[BlackFideId "5106850"]
[WhiteTitle "WCM"]
[BlackTitle "FM"]
[WhiteElo "2370"]
[BlackElo "2643"]
[WhiteTeam "RUS"]
[BlackTeam "MEX"]
[WhiteClock "0:00:21"]
[BlackClock "0:00:25"]
[Variant "Standard"]

1. e4 {[%clk 0:02:55]}  e5 {[%clk 0:03:00]} 2. Nf3 {[%clk 0:02:55]}  Nc6 {[%clk 0:03:00]} 3. d4 {[%clk 0:02:56]}  exd4 {[%clk 0:03:01]} 4. c3 {[%clk 0:02:56]}  Nge7 {[%clk 0:03:00]} 5. Bc4 {[%clk 0:02:45]}  d5 {[%clk 0:03:00]} 6. exd5 {[%clk 0:02:45]}  Nxd5 {[%clk 0:03:01]} 7. O-O {[%clk 0:02:40]}  Be6 {[%clk 0:03:01]} 8. Re1 {[%clk 0:02:39]}  Be7 {[%clk 0:03:00]} 9. Nxd4 {[%clk 0:02:38]}  Nxd4 {[%clk 0:03:00]} 10. Qxd4 {[%clk 0:02:39]}  O-O {[%clk 0:02:54]} 11. Nd2 {[%clk 0:02:18]}  c5 {[%clk 0:02:50]} 12. Qd3 {[%clk 0:02:09]}  a6 {[%clk 0:02:38]} 13. a4 {[%clk 0:02:08]}  Bf6 {[%clk 0:02:25]} 14. Ne4 {[%clk 0:02:04]}  Be7 {[%clk 0:02:16]} 15. Ng3 {[%clk 0:02:01]}  b5 {[%clk 0:01:42]} 16. axb5 {[%clk 0:01:30]}  axb5 {[%clk 0:01:43]} 17. Rxa8 {[%clk 0:01:30]}  Qxa8 {[%clk 0:01:43]} 18. Bxd5 {[%clk 0:01:20]}  Bxd5 {[%clk 0:01:25]} 19. Rxe7 {[%clk 0:01:20]}  Bxg2 {[%clk 0:01:25]} 20. Be3 {[%clk 0:00:49]}  Bh3 {[%clk 0:01:11]} 21. f3 {[%clk 0:00:41]}  Qxf3 {[%clk 0:00:57]} 22. Qe2 {[%clk 0:00:42]}  Qf6 {[%clk 0:00:52]} 23. Bxc5 {[%clk 0:00:38]}  h5 {[%clk 0:00:45]} 24. Bd4 {[%clk 0:00:38]}  Qf4 {[%clk 0:00:39]} 25. Re8 {[%clk 0:00:35]}  h4 {[%clk 0:00:33]} 26. Rxf8+ {[%clk 0:00:35]}  Kxf8 {[%clk 0:00:34]} 27. Bxg7+ {[%clk 0:00:32]}  Kg8 {[%clk 0:00:27]} 28. Qe8+ {[%clk 0:00:29]}  Kh7 {[%clk 0:00:27]} 29. Qh8+ {[%clk 0:00:29]}  Kg6 {[%clk 0:00:27]} 30. Qh6+ {[%clk 0:00:18]}  Qxh6 {[%clk 0:00:26]} 31. Bxh6 {[%clk 0:00:19]}  hxg3 {[%clk 0:00:23]} 32. Bf4 {[%clk 0:00:18]}  gxh2+ {[%clk 0:00:23]} 33. Kxh2 {[%clk 0:00:19]}  Be6 {[%clk 0:00:23]} 34. Be5 {[%clk 0:00:19]}  Kf5 {[%clk 0:00:24]} 35. Bd4 {[%clk 0:00:20]}  Ke4 {[%clk 0:00:24]} 36. Kg3 {[%clk 0:00:20]}  Kd3 {[%clk 0:00:24]} 37. Kf4 {[%clk 0:00:20]}  Kc2 {[%clk 0:00:23]} 38. b4 {[%clk 0:00:20]}  Kd3 {[%clk 0:00:22]} 39. Ke5 {[%clk 0:00:21]}  Kc4 {[%clk 0:00:23]} 40. Kf6 {[%clk 0:00:21]}  Kd5 {[%clk 0:00:22]} 41. Be5 {[%clk 0:00:20]}  Ke4 {[%clk 0:00:21]} 42. Bd4 {[%clk 0:00:20]}  Bc4 {[%clk 0:00:21]} 43. Be5 {[%clk 0:00:21]}  Kd3 {[%clk 0:00:21]} 44. Bd4 {[%clk 0:00:21]}  Ke4 {[%clk 0:00:21]} 45. Be5 {[%clk 0:00:21]}  Be6 {[%clk 0:00:19]} 46. Bd4 {[%clk 0:00:18]}  Kd5 {[%clk 0:00:19]} 47. Be5 {[%clk 0:00:18]}  Kc4 {[%clk 0:00:19]} 48. Bd4 {[%clk 0:00:19]}  Kb3 {[%clk 0:00:20]} 49. Be5 {[%clk 0:00:18]}  Bc4 {[%clk 0:00:20]} 50. Bd4 {[%clk 0:00:18]}  Ka4 {[%clk 0:00:21]} 51. Be5 {[%clk 0:00:18]}  Ka3 {[%clk 0:00:22]} 52. Bd4 {[%clk 0:00:19]}  Ka2 {[%clk 0:00:22]} 53. Ke5 {[%clk 0:00:19]}  Kb2 {[%clk 0:00:23]} 54. Kf6 {[%clk 0:00:18]}  Kc2 {[%clk 0:00:23]} 55. Ke5 {[%clk 0:00:19]}  Kd2 {[%clk 0:00:24]} 56. Kf6 {[%clk 0:00:20]}  Ke2 {[%clk 0:00:24]} 57. Be5 {[%clk 0:00:20]}  Kf3 {[%clk 0:00:24]} 58. Bd4 {[%clk 0:00:21]}  Ke4 {[%clk 0:00:25]} 1/2-1/2

[Event "April 9 Early 2024"]
[Site "Chess.com"]
[Date "2024.04.09"]
[Round "2"]
[White "Halynyazow, Vepaly"]
[Black "Kashefi, Amir Hosein"]
[Result "1-0"]
[Board "192"]
[WhiteFideId "14004020"]
[BlackFideId "12557935"]
[BlackTitle "FM"]
[WhiteElo "2366"]
[BlackElo "2615"]
[WhiteTeam "TKM"]
[BlackTeam "IRI"]
[WhiteClock "0:00:50"]
[BlackClock "0:00:00"]
[Variant "Standard"]

1. d4 {[%clk 0:03:00]}  d5 {[%clk 0:02:52]} 2. Nf3 {[%clk 0:03:00]}  c6 {[%clk 0:02:53]} 3. Bf4 {[%clk 0:03:00]}  Nf6 {[%clk 0:02:54]} 4. e3 {[%clk 0:03:00]}  Bg4 {[%clk 0:02:54]} 5. Nbd2 {[%clk 0:02:58]}  e6 {[%clk 0:02:54]} 6. Bd3 {[%clk 0:02:56]}  Bd6 {[%clk 0:02:46]} 7. Bg3 {[%clk 0:02:48]}  O-O {[%clk 0:02:44]} 8. c3 {[%clk 0:02:44]}  Qc7 {[%clk 0:02:37]} 9. Qc2 {[%clk 0:02:43]}  Nbd7 {[%clk 0:02:34]} 10. e4 {[%clk 0:02:15]}  dxe4 {[%clk 0:02:32]} 11. Nxe4 {[%clk 0:02:14]}  Bf4 {[%clk 0:02:11]} 12. Ne5 {[%clk 0:02:02]}  Nxe5 {[%clk 0:01:57]} 13. Nxf6+ {[%clk 0:01:54]}  gxf6 {[%clk 0:01:52]} 14. Bxh7+ {[%clk 0:01:53]}  Kg7 {[%clk 0:01:44]} 15. Bxf4 {[%clk 0:01:53]}  Nd3+ {[%clk 0:01:33]} 16. Bxd3 {[%clk 0:01:46]}  Qxf4 {[%clk 0:01:34]} 17. Qd2 {[%clk 0:01:41]}  Qd6 {[%clk 0:01:25]} 18. h3 {[%clk 0:01:37]}  Bh5 {[%clk 0:01:25]} 19. O-O {[%clk 0:01:28]}  Rh8 {[%clk 0:01:23]} 20. Rae1 {[%clk 0:01:18]}  Rag8 {[%clk 0:01:21]} 21. Re4 {[%clk 0:01:05]}  Kf8 {[%clk 0:01:02]} 22. Qf4 {[%clk 0:01:03]}  e5 {[%clk 0:00:43]} 23. dxe5 {[%clk 0:00:56]}  Qxd3 {[%clk 0:00:42]} 24. exf6 {[%clk 0:00:56]}  Rxg2+ {[%clk 0:00:02]} 25. Kxg2 {[%clk 0:00:51]}  Bf3+ {[%clk 0:00:02]} 26. Qxf3 {[%clk 0:00:50]}  Rg8+ {[%clk 0:00:00]} 27. Rg4 {[%clk 0:00:50]} 1-0

[Event "April 9 Early 2024"]
[Site "Chess.com"]
[Date "2024.04.09"]
[Round "2"]
[White "Titarov, Vasilii"]
[Black "Hernandez Fernandez, Ramon A."]
[Result "1-0"]
[Board "193"]
[WhiteFideId "24280445"]
[BlackFideId "3503909"]
[WhiteTitle "CM"]
[BlackTitle "FM"]
[WhiteElo "2612"]
[BlackElo "2364"]
[WhiteTeam "RUS"]
[BlackTeam "CUB"]
[WhiteClock "0:00:41"]
[BlackClock "0:00:00"]
[Variant "Standard"]

1. e4 {[%clk 0:03:00]}  c5 {[%clk 0:02:59]} 2. Be2 {[%clk 0:02:55]}  Nc6 {[%clk 0:02:58]} 3. f4 {[%clk 0:02:54]}  g6 {[%clk 0:02:54]} 4. Nf3 {[%clk 0:02:51]}  Bg7 {[%clk 0:02:54]} 5. O-O {[%clk 0:02:51]}  d6 {[%clk 0:02:54]} 6. c3 {[%clk 0:02:50]}  e5 {[%clk 0:02:52]} 7. d3 {[%clk 0:02:41]}  Nge7 {[%clk 0:02:50]} 8. Na3 {[%clk 0:02:32]}  O-O {[%clk 0:02:47]} 9. Nc2 {[%clk 0:02:31]}  f5 {[%clk 0:02:39]} 10. exf5 {[%clk 0:02:24]}  Nxf5 {[%clk 0:02:32]} 11. fxe5 {[%clk 0:02:22]}  Nxe5 {[%clk 0:02:29]} 12. Ne3 {[%clk 0:02:19]}  Nxe3 {[%clk 0:01:54]} 13. Bxe3 {[%clk 0:02:20]}  Ng4 {[%clk 0:01:51]} 14. Bg5 {[%clk 0:02:19]}  Bf6 {[%clk 0:01:41]} 15. Qd2 {[%clk 0:02:10]}  Bd7 {[%clk 0:01:16]} 16. h3 {[%clk 0:02:03]}  Ne5 {[%clk 0:00:54]} 17. Nxe5 {[%clk 0:01:50]}  dxe5 {[%clk 0:00:34]} 18. Bxf6 {[%clk 0:01:46]}  Rxf6 {[%clk 0:00:34]} 19. Qe3 {[%clk 0:01:44]}  Rxf1+ {[%clk 0:00:27]} 20. Rxf1 {[%clk 0:01:44]}  Qe7 {[%clk 0:00:27]} 21. Bf3 {[%clk 0:01:43]}  Bc6 {[%clk 0:00:18]} 22. Bxc6 {[%clk 0:01:41]}  bxc6 {[%clk 0:00:19]} 23. Qe4 {[%clk 0:01:42]}  Rd8 {[%clk 0:00:12]} 24. Rf3 {[%clk 0:01:24]}  Rd5 {[%clk 0:00:10]} 25. Qg4 {[%clk 0:01:21]}  Qd7 {[%clk 0:00:06]} 26. Qe4 {[%clk 0:01:00]}  Qd6 {[%clk 0:00:03]} 27. h4 {[%clk 0:00:59]}  Kg7 {[%clk 0:00:03]} 28. h5 {[%clk 0:00:54]}  Qe7 {[%clk 0:00:02]} 29. Rg3 {[%clk 0:00:49]}  Rd6 {[%clk 0:00:00]} 30. Rh3 {[%clk 0:00:41]} 1-0

[Event "April 9 Early 2024"]
[Site "Chess.com"]
[Date "2024.04.09"]
[Round "2"]
[White "Burmakin, Evgeniy"]
[Black "Demin, Vladimir"]
[Result "0-1"]
[Board "194"]
[WhiteFideId "4163729"]
[BlackFideId "4167457"]
[WhiteTitle "FM"]
[BlackTitle "IM"]
[WhiteElo "2364"]
[BlackElo "2610"]
[WhiteTeam "RUS"]
[BlackTeam "RUS"]
[WhiteClock "0:00:02"]
[BlackClock "0:00:08"]
[Variant "Standard"]

1. e4 {[%clk 0:03:00]}  e5 {[%clk 0:02:57]} 2. Nf3 {[%clk 0:03:00]}  Nc6 {[%clk 0:02:56]} 3. Bb5 {[%clk 0:03:00]}  a6 {[%clk 0:02:56]} 4. Ba4 {[%clk 0:03:00]}  Nf6 {[%clk 0:02:55]} 5. O-O {[%clk 0:03:00]}  Nxe4 {[%clk 0:02:53]} 6. d4 {[%clk 0:02:59]}  b5 {[%clk 0:02:53]} 7. Bb3 {[%clk 0:03:00]}  d5 {[%clk 0:02:54]} 8. dxe5 {[%clk 0:03:00]}  Be6 {[%clk 0:02:54]} 9. c3 {[%clk 0:02:57]}  Bc5 {[%clk 0:02:53]} 10. Nbd2 {[%clk 0:02:48]}  O-O {[%clk 0:02:50]} 11. Bc2 {[%clk 0:02:39]}  Nxf2 {[%clk 0:02:49]} 12. Rxf2 {[%clk 0:02:38]}  Bxf2+ {[%clk 0:02:49]} 13. Kxf2 {[%clk 0:02:39]}  f6 {[%clk 0:02:49]} 14. exf6 {[%clk 0:02:37]}  Qxf6 {[%clk 0:02:50]} 15. Kg1 {[%clk 0:02:36]}  Rae8 {[%clk 0:02:50]} 16. Nf1 {[%clk 0:02:19]}  Ne5 {[%clk 0:02:46]} 17. Be3 {[%clk 0:02:07]}  Nxf3+ {[%clk 0:02:19]} 18. Qxf3 {[%clk 0:02:05]}  Qxf3 {[%clk 0:02:19]} 19. gxf3 {[%clk 0:02:04]}  Rxf3 {[%clk 0:02:16]} 20. Bd4 {[%clk 0:01:52]}  Bh3 {[%clk 0:02:10]} 21. Ng3 {[%clk 0:01:45]}  g6 {[%clk 0:01:06]} 22. a4 {[%clk 0:01:42]}  Kf7 {[%clk 0:00:47]} 23. axb5 {[%clk 0:01:39]}  axb5 {[%clk 0:00:48]} 24. Bb3 {[%clk 0:01:37]}  c6 {[%clk 0:00:44]} 25. Bc2 {[%clk 0:00:58]}  Re7 {[%clk 0:00:05]} 26. Bc5 {[%clk 0:00:53]}  Re8 {[%clk 0:00:05]} 27. Bd4 {[%clk 0:00:53]}  Ke7 {[%clk 0:00:03]} 28. Bc5+ {[%clk 0:00:43]}  Kd7 {[%clk 0:00:02]} 29. Ra7+ {[%clk 0:00:36]}  Ke6 {[%clk 0:00:02]} 30. Ra1 {[%clk 0:00:30]}  Kf6 {[%clk 0:00:02]} 31. Bd4+ {[%clk 0:00:30]}  Kf7 {[%clk 0:00:02]} 32. Bc5 {[%clk 0:00:25]}  Ke6 {[%clk 0:00:02]} 33. Re1+ {[%clk 0:00:18]}  Kf7 {[%clk 0:00:02]} 34. Ra1 {[%clk 0:00:18]}  Re6 {[%clk 0:00:02]} 35. Ra7+ {[%clk 0:00:15]}  Ke8 {[%clk 0:00:03]} 36. Ra8+ {[%clk 0:00:11]}  Kd7 {[%clk 0:00:03]} 37. Ra7+ {[%clk 0:00:11]}  Kc8 {[%clk 0:00:03]} 38. Ra1 {[%clk 0:00:09]}  Kb7 {[%clk 0:00:03]} 39. Ra7+ {[%clk 0:00:08]}  Kb8 {[%clk 0:00:03]} 40. Ra1 {[%clk 0:00:09]}  h5 {[%clk 0:00:03]} 41. Rd1 {[%clk 0:00:07]}  h4 {[%clk 0:00:03]} 42. Nf1 {[%clk 0:00:06]}  Re2 {[%clk 0:00:03]} 43. Ne3 {[%clk 0:00:05]}  Rfxe3 {[%clk 0:00:02]} 44. Bxe3 {[%clk 0:00:05]}  Rxe3 {[%clk 0:00:03]} 45. Kf2 {[%clk 0:00:04]}  Re5 {[%clk 0:00:03]} 46. Rg1 {[%clk 0:00:04]}  g5 {[%clk 0:00:03]} 47. Ra1 {[%clk 0:00:04]}  g4 {[%clk 0:00:03]} 48. Bd3 {[%clk 0:00:04]}  Re6 {[%clk 0:00:03]} 49. Rd1 {[%clk 0:00:02]}  Kb7 {[%clk 0:00:03]} 50. Bf5 {[%clk 0:00:02]}  Rf6 {[%clk 0:00:03]} 51. Ke3 {[%clk 0:00:02]}  Rxf5 {[%clk 0:00:04]} 52. Kd4 {[%clk 0:00:03]}  Rf3 {[%clk 0:00:04]} 53. Kc5 {[%clk 0:00:04]}  Rf7 {[%clk 0:00:04]} 54. b4 {[%clk 0:00:03]}  Rg7 {[%clk 0:00:05]} 55. Re1 {[%clk 0:00:04]}  g3 {[%clk 0:00:05]} 56. hxg3 {[%clk 0:00:04]}  hxg3 {[%clk 0:00:06]} 57. Re5 {[%clk 0:00:03]}  g2 {[%clk 0:00:06]} 58. Re8 {[%clk 0:00:03]}  g1=Q+ {[%clk 0:00:06]} 59. Kd6 {[%clk 0:00:03]}  Qb6 {[%clk 0:00:06]} 60. Rb8+ {[%clk 0:00:01]}  Kxb8 {[%clk 0:00:06]} 61. c4 {[%clk 0:00:02]}  Qc7+ {[%clk 0:00:06]} 62. Kc5 {[%clk 0:00:02]}  Qa7+ {[%clk 0:00:07]} 63. Kd6 {[%clk 0:00:02]}  Qe7+ {[%clk 0:00:07]} 64. Kxc6 {[%clk 0:00:02]}  Qb7+ {[%clk 0:00:07]} 65. Kc5 {[%clk 0:00:02]}  Rc7+ {[%clk 0:00:08]} 66. Kd4 {[%clk 0:00:03]}  Rxc4+ {[%clk 0:00:07]} 67. Ke5 {[%clk 0:00:03]}  Qe7+ {[%clk 0:00:08]} 68. Kxd5 {[%clk 0:00:02]}  Bg2# {[%clk 0:00:08]} 0-1